00335pab a2200133 454500008004000000100001800040245004800058260000900106300001400115362001200129650002500141650001700166773001800183180718b2013 xxu||||| |||| 00| 0 eng d aBhaskar, Amit aHuman trafficking law in India: An overview c2013 ap390-400. aOct-Dec aSexual abuse - India aSexual abuse aSocial Action